| 000 | 00539nam a22002057a 4500 | ||
|---|---|---|---|
| 001 | 00260 | ||
| 003 | DO-SdBNP | ||
| 005 | 20180226104744.0 | ||
| 008 | 151216b 1966 mau a 00| 0 spa d | ||
| 040 |
_aBPMSU _bspa _cBPMSU |
||
| 082 | 4 |
_axxxx _bxxxx |
|
| 100 | 1 | _aRoussell, David Harris | |
| 245 | 1 |
_aFriends Far and Near / _cDavid H. Russell. |
|
| 260 |
_aBoston : _bGinn and Company, _c1966. |
||
| 300 |
_a336 p. : _bil. ; _c23 cm. |
||
| 910 | _a00260 | ||
| 942 |
_2ddc _cBK |
||
| 945 | _aInventariado, 2018 / BT | ||
| 956 |
_aLorenza Pérez _b10 |
||
| 999 |
_c9123 _d9123 |
||